Object-oriented systems development : A gentle introduction

Αποθηκεύτηκε σε:
Λεπτομέρειες βιβλιογραφικής εγγραφής
Κύριος συγγραφέας: Britton, Carol
Μορφή: Βιβλίο
Γλώσσα:Undetermined
Έκδοση: Berkshire, England McGraw-Hill 2000
Θέματα:
Ετικέτες: Προσθήκη ετικέτας
Δεν υπάρχουν, Καταχωρήστε ετικέτα πρώτοι!
Thư viện lưu trữ: Trung tâm Học liệu Trường Đại học Cần Thơ
LEADER 00605nam a2200205Ia 4500
001 CTU_123782
008 210402s9999 xx 000 0 und d
020 |c 380000 
082 |a 005.12 
082 |b B862 
100 |a Britton, Carol 
245 0 |a Object-oriented systems development : 
245 2 |b A gentle introduction 
245 0 |c Carol Britton and Jill Doake 
260 |a Berkshire, England 
260 |b McGraw-Hill 
260 |c 2000 
650 |a System design.,Object-oriented programming ( Computer science ) 
904 |i Minh 
980 |a Trung tâm Học liệu Trường Đại học Cần Thơ